Captain America very very hard version - Statistics

General Stats
  • This quiz has been taken 22 times
  • The average score is 7 of 15
Answer Stats
Hint Answer % Correct
His best friend Bucky
93%
The first thing cap says to sam when they meet On your left
80%
Who he loves Peggy carter
73%
Fill in the blank- " i can do this ___ ___" All day
67%
The team cap is apart of Avengers
60%
Where cap was born Brooklyn
60%
The person that made caps sheild Howard stark
60%
When cap was born 1918
40%
Age when frozen 27
40%
How many years cap was frozen 66
40%
Real age 93
40%
Birthday July 4
40%
His full name Steve grant rodgers
33%
How many soildiers cap rescued on his first (unauthorized) mission 200
7%
Caps phone number 678-136-7092
0%
No matching quizzes found
Score Distribution
Percent of People with Each Score
Percentile by Number Answered
Your Score History
You have not taken this quiz